OPAC Home

කලියුගය (Record no. 145394)

MARC details
000 -LEADER
fixed length control field 00303nam a22001337a 4500
003 - CONTROL NUMBER IDENTIFIER
control field OSt
005 - DATE AND TIME OF LATEST TRANSACTION
control field 20240321095455.0
008 - FIXED-LENGTH DATA ELEMENTS--GENERAL INFORMATION
fixed length control field 240321b |||||||| |||| 00| 0 eng d
040 ## - CATALOGING SOURCE
Transcribing agency OB
245 ## - TITLE STATEMENT
Title කලියුගය
260 ## - PUBLICATION, DISTRIBUTION, ETC.
Place of publication, distribution, etc. Saman press
300 ## - PHYSICAL DESCRIPTION
Extent 206p.,21cm
Other physical details Damaged
942 ## - ADDED ENTRY ELEMENTS (KOHA)
Source of classification or shelving scheme Universal Decimal Classification
Koha item type Books
Suppress in OPAC No
Holdings
Withdrawn status Lost status Source of classification or shelving scheme Damaged status Not for loan Home library Current library Date acquired Total Checkouts Full call number Barcode Date last seen Price effective from Koha item type
    Universal Decimal Classification     Library National Museum Colombo - Sri Lanka Library National Museum Colombo - Sri Lanka 2024-03-21   අ15 OB2025-3 2024-03-21 2024-03-21 Books
Copyright © 2023 Department of National Museum, Colombo 07, Sri Lanka Funded by UNESCO IFAP UNESCO